| 000 | 00381 a2200145 4500 | ||
|---|---|---|---|
| 005 | 20250505113849.0 | ||
| 020 | _a0-81-259-0790-4 | ||
| 082 | _aLECT 001.6 LEO | ||
| 100 | _aLEON, A. | ||
| 245 | _aIntroduction To Computers | ||
| 260 |
_aNew Delhi, _bLeon Techworld, _c1999. |
||
| 300 |
_axxxvi, 446p.; ill.; figure, picture. _bIndex. _c25cm. |
||
| 700 | _aLEON, M. | ||
| 942 |
_2ddc _cBKS |
||
| 999 |
_c1914 _d1914 |
||